| 000 | 00370nam a2200133Ia 4500 | ||
|---|---|---|---|
| 008 | 230917s9999||||xx |||||||||||||| ||und|| | ||
| 040 |
_e20293 _aMAIN |
||
| 041 | _aEnglish | ||
| 082 | _a617.7 R188C | ||
| 100 | _aRathi, Ashok | ||
| 245 | 0 | _aComparasion of efficacy of plain and PH-adjusted bupivacaine for peribulbar block in cataract | |
| 300 | _a67 p. | ||
| 942 | _cBK | ||
| 999 |
_c167149 _d167149 |
||